Luke Combs - Better Together Lyrics - Statistics

General Stats
  • This quiz has been taken 265 times
  • The average score is 203 of 333
Answer Stats
Answer % Correct
A
93%
a
93%
to
89%
better
87%
together
87%
I
85%
an
83%
go
82%
and
81%
And
81%
the
81%
The
81%
Like
79%
like
79%
Some
75%
coffee
74%
in
74%
things
74%
just
73%
you
73%
always
72%
ol'
72%
will
72%
cup
71%
probably
70%
of
69%
got
67%
me
67%
time
67%
point
66%
it
65%
no
65%
sunrise
65%
on
64%
Sunday
64%
your
64%
Your
64%
kill
63%
this
63%
beer
61%
that
61%
ain't
60%
guitar
60%
if
60%
old
60%
when
60%
drives
58%
strings
58%
What's
58%
good
56%
into
56%
Johnson
56%
boys
55%
pourin'
55%
sing
55%
song
55%
gonna
54%
heart
54%
out
54%
40
53%
hand
52%
HP
52%
Or
51%
we
51%
as
50%
guns
50%
my
50%
fence
49%
heaven
49%
It's
49%
BB
48%
long
48%
made
48%
match
48%
metal
48%
Coke
47%
flat
47%
here
47%
up
47%
8
46%
boat
46%
bottom
46%
cans
46%
cut
46%
freshly
46%
right
46%
wire
46%
you're
46%
autumn
45%
One
45%
one
45%
bucks
44%
wheel
44%
window
44%
arm
43%
way
43%
barbed
41%
posts
41%
cornfields
40%
wallet
39%
love
38%
say
35%
downtown
34%
house
34%
is
34%
license
34%
too
34%
every
32%
mine
32%
needle
31%
rain
31%
tin
31%
fits
30%
roof
30%
stained
30%
Would
30%
last
29%
first
27%
groove
27%
any
25%
But
25%
have
25%
I'm
25%
name
25%
other
25%
water
25%
lipstick's
24%
we're
24%
wouldn't
24%
being
21%
honest
21%
Sometimes
21%
sound
21%
oil
19%
No matching quizzes found
Score Distribution
Percent of People with Each Score
Percentile by Number Answered
Your Score History
You have not taken this quiz